Регионална библиотека "Любен Каравелов" - Русе

Искам да вярвам в чудеса (Запис номер 163980)

MARC детайли
000 -Лидер
Контролно поле с фиксирана дължина 01867nam a2200385 c 4500
003 - Код на организацията, давaща контролен номер
Контролно поле BLK
005 - Дата и час на последна редакция
Контролно поле 20230120163909.0
008 - Елементи от данни с фиксирана дължина
fixed length control field 180410b bul|||||r ||||||| ||bul||
010 ## - Наследен системен номер
LC control number KNG00171463000
020 ## - Международен стандартен номер на книга ISBN
Международен стандартен номер на книга ISBN 978-954-398-305-6
-- издат.: Труд
040 ## - Източник на каталожния запис
Идентификатор на билиотеката - собственик на записа BLK
041 ## - Код за език
Код за езика на текст/звукозапис или на отделно заглавие Български
Код за езика КДБФ Български
072 #7 - Код за тематичната категория
Код организация bullib
Код за тематична категория Н83
Текст Чужда художествена литература Н
080 ## - УДК
Текстов определител УДК Немска литература
УДК код - определител по УДК 821.112.2
УДК определител -31(082)
УДК - код + определител 821.112.2-31(082)
139 ## - Редно поле
Редна дума Искам да вярвам в чудеса
Авторски знак Иск - И 92
245 10 - Сведения за заглавието
Заглавие Искам да вярвам в чудеса
Подзаглавни данни Сб. романи
Редно поле (дума) прев. Горан Асенов Райновски; * Юлиане Сартена; * Сандра Хейдън; * Каролине Танек; * Нина Грегор.
257 ## - Страна на издаване
Страна на създаване/издаване Германия
260 ## - Област на издателските данни
-- София
Име на издателя, разпространителя и проч. Труд
Година на издаване 2013
Печатница София : Бет Принт
300 ## - Физическа характеристика
Страници 327 с.
Размери/Мащаб 20 см
380 ## - Жанр
Жанр Худож. лит.
490 1# - СЕРИИ (Колекции)
Име на серия Аристократичен роман
№: серия т. 1
500 ## - Общи забележки
Забележка Съдържа: Не се влюбвай в младоженеца / Юлиане Сартена. Искам да вярвам в чудеса, принцесо / Сандра Хейдън. Млада красива и отдадена на друг / Каролине Танек. Тя подготви сватбата му / Нина Грегор.
653 ## - Ключова дума – ненормативна
Ключова дума романи
659 ## - Тематичен бюлетин
Тематичен бюлетин Н
700 1# - Други автори (авторска отговорност)
Лично име Райновски, Горан Асенов
Автороска отговорност (Описва отношението между автора и произведението) прев.
9 (RLIN) 114722
700 1# - Други автори (авторска отговорност)
Лично име Сартена, Юлиане
Автороска отговорност (Описва отношението между автора и произведението) *
9 (RLIN) 119052
700 1# - Други автори (авторска отговорност)
Лично име Хейдън, Сандра
Автороска отговорност (Описва отношението между автора и произведението) *
9 (RLIN) 335748
700 1# - Други автори (авторска отговорност)
Лично име Танек, Каролине
Автороска отговорност (Описва отношението между автора и произведението) *
9 (RLIN) 127597
700 1# - Други автори (авторска отговорност)
Лично име Грегор, Нина
Автороска отговорност (Описва отношението между автора и произведението) *
9 (RLIN) 382004
852 ## - Местоположение
Форматна сигнатура Цб 272752
856 4# - Електронен адрес и достъп
Електронен формат pdf - файл
Път до файла /url/
856 4# - Електронен адрес и достъп
Електронен формат pdf - файл
Път до файла /url/
942 ## - АРТИКУЛИ
Вид на библиотечния материал Книги
Скрит в OPAC Не
Koha issues (borrowed), all copies 12
944 ## - СЪЗДАВАНЕ И РЕДАКЦИЯ на ЗАПИСА
Създаване/Редакция Създаване
Дата на регистрацията/редакция 16.02.2015
Служител, извършил регистрацията/редакцията Виолета_Тройчева
944 ## - СЪЗДАВАНЕ И РЕДАКЦИЯ на ЗАПИСА
Създаване/Редакция Редакция
Дата на регистрацията/редакция 28.12.2015
Служител, извършил регистрацията/редакцията Людмила_Стоянова
999 ## - СИСТЕМНИ КОНТРОЛНИ НОМЕРА
Koha biblionumber 163980
Koha biblioitemnumber 163980
Наличности
Код за отписване Код за изгубен артикул Код за повреда Коз за рестрикции Код за отдаване Артикулен № Име на библиотеката - собственик Име на библиотеката, в която се намира в момента Статус (Текущо местоположение) Дата на вписване в системата Местоположение - отдел Цена в лева Инвентарен номер Систематично азбучна сигнатура Баркод Номер на екземпляра Цена в евро Служебна бележка Служебен тип на артикула
  Не е изгубен Не е повреден без рестрикции ползва се в читалня 275453 Регионална библиотека "Любен Каравелов" Русе Регионална библиотека "Любен Каравелов" Русе Хранилище 2015-02-18 Хранилище 11.99 120000785402 Цб 272752 120000785402 1 6.13 Дост: Dp Вид: Д N: 25 Дата: 31.05.2014 Книги
  Не е изгубен Не е повреден без рестрикции заемане за дома 275454 Регионална библиотека "Любен Каравелов" Русе Регионална библиотека "Любен Каравелов" Русе Заемна - подръчен фонд 2015-12-16 Заемна - подръчен фонд 5.60 120000795695 П 830-31/И 92 120000795695 2 2.86 Дост: Pk Вид: Ф N: 23347 Дата: 09.12.2015 Дата инв: 12.02.2018 Бележки инв: П2018 Книги
Vip Innovations Ltd, Rousse, Bulgaria 2025